[Event "IECG CP.2001.P.00053"]
[Site "IECG email"]
[Date "2001.10.01"]
[Round "?"]
[White "MacFarlane, Martin"]
[Black "Meils, Jacob"]
[Result "1-0"]
[WhiteElo "1117"]
[BlackElo "800"]
[PlyCount "63"]
[EventDate "2001.10.01"]
[EventType "tourn (corr)"]
[EventRounds "6"]
[SourceTitle "Corr 2008"]
[Source "ChessBase"]
[SourceDate "2008.06.24"]
[SourceVersion "1"]
[SourceVersionDate "2008.06.24"]
[SourceQuality "1"]

1. c4 e5 2. Nc3 Nc6 3. g3 g6 4. Bg2 Bg7 5. e4 d6 6. Nge2 Be6 7. Nd5 Bg4 8. f3 Be6 9. d3 Nf6 10. Be3 a6 11. Qd2 Nd7 12. b4 Ne7 13. Rb1 c6 14. Nxe7 Qxe7 15. 0-0 h5 16. f4 f5 17. fxe5 dxe5 18. Nc3 h4 19. exf5 gxf5 20. Bg5 Bf6 21. gxh4 Bxg5 22. hxg5 Rh5 23. d4 Rxg5 24. d5 cxd5 25. cxd5 Bg8 26. d6 Qg7 27. Kh1 Rb8 28. Rf2 Kd8 29. Rd1 Be6 30. Nd5 Bxd5 31. Qxd5 Qg6 32. Rc2 1-0

[Event "IECG CP.2001.P.00053"]
[Site "IECG email"]
[Date "2001.10.01"]
[Round "?"]
[White "Meils, Jacob"]
[Black "Fages, Jorge Juan"]
[Result "0-1"]
[WhiteElo "800"]
[BlackElo "1892"]
[PlyCount "84"]
[EventDate "2001.10.01"]
[EventType "tourn (corr)"]
[EventRounds "6"]
[SourceTitle "Corr 2008"]
[Source "ChessBase"]
[SourceDate "2008.06.24"]
[SourceVersion "1"]
[SourceVersionDate "2008.06.24"]
[SourceQuality "1"]

1. e4 c5 2. Nf3 d6 3. d4 cxd4 4. Nxd4 Nf6 5. Nc3 a6 6. Be3 e5 7. Nf3 Be7 8. Bc4 0-0 9. h3 Nc6 10. 0-0 Na5 11. Bd3 Qc7 12. Na4 Nd7 13. Qd2 b5 14. Nb6 Nxb6 15. Qxa5 Bd8 16. Qb4 Bb7 17. Rfd1 f5 18. exf5 Bxf3 19. gxf3 d5 20. Bxb6 Qxb6 21. Qb3 Bh4 22. Qxd5+ Kh8 23. Rf1 Qf6 24. Qe6 Qg5+ 25. Kh1 Qh5 26. Be4 Rfe8 27. Qc6 Bf6 28. Kh2 Bg5 29. Kg2 Bf4 30. Rh1 Rec8 31. Qxa8 Rxa8 32. Bxa8 Qxf5 33. Rad1 g6 34. Be4 Qg5+ 35. Kf1 Qe7 36. h4 Kg7 37. h5 gxh5 38. Rxh5 h6 39. Rf5 Qc7 40. c3 a5 41. Ke1 b4 42. c4 a4 0-1